| 000 | 00516nam a22001817a 4500 | ||
|---|---|---|---|
| 003 | OSt | ||
| 005 | 20260204122537.0 | ||
| 008 | 241002s2004 ag ||||| |||| 00| 1 spa d | ||
| 020 | _a987-1187-05-X | ||
| 040 | _cbesoc | ||
| 100 | 1 |
_aDoyle, Arthur Conan, _d1859-1930. _eAutor |
|
| 245 | 1 | 3 |
_aEl sabueso de los Baskerville / _cArthur Conan Doyle |
| 260 |
_aBuenos Aires : _bTerramar, _c2004 |
||
| 300 |
_a222 p. ; _c17 cm |
||
| 650 | 7 |
_aLiteratura inglesa _2embne |
|
| 655 | 7 |
_2embne _aNovelas policiacas |
|
| 942 |
_2udc _cOG _n0 |
||
| 999 |
_c349 _d349 |
||